000 00680nam a2200217 a 4500
005 20210223124702.0
008 020826s1993 ag r 000 0 spa d
020 _a9501513130
035 _aUPN01000118542
049 _aCG
050 4 _aDS763.63 T9.8
_bS4.38
100 1 _aSeagrave, Sterling
245 1 3 _aLa última emperatriz de China /
_cStreling Seagrave ; tr. Clotilde Rezzano de Martini.
260 _aBuenos Aires :
_bJavier Vergara,
_cc1993.
300 _a524 p.
440 0 _aBiografía e historia
534 _pTraducción de:
_tDragon lady
600 1 4 _aTZ'U-HSI,
_cEMPERADORA VIUDA DE CHINA,
_d1835-1908
650 4 _aEMPERADORES CHINOS
_920943
905 _aLibro
999 _c90909
_d90909